Central Library OPAC University of Rajshahi
Normal view MARC view

Entry Topical Term

Number of records used in: 2

001 - CONTROL NUMBER

  • control field: 13959

003 - CONTROL NUMBER IDENTIFIER

  • control field: BD-RjUL

005 - DATE AND TIME OF LATEST TRANSACTION

  • control field: 20241028142615.0

008 - FIXED-LENGTH DATA ELEMENTS

  • fixed length control field: 241028|| aca||aabn | a|a d

040 ## - CATALOGING SOURCE

  • Original cataloging agency: BD-RjUL
  • Transcribing agency: BD-RjUL

150 ## - HEADING--TOPICAL TERM

  • Topical term or geographic name entry element: Devil Drama

670 ## - SOURCE DATA FOUND

  • Source citation: Work cat.: (BD-RjUL)84179: Goethe, Johann Wolfgang von 3012, Goethe's Faust : , 1961